Les stations de tourisme de Nouvelle-Aquitaine - Statistiques

Statistiques générales
  • Ce quiz a été pris 57 fois
  • Le résultat moyen est 35 sur 72
Statistiques - réponses
Hint Réponse % Correct
64 *AYO**E 2017 Bayonne
94%
64 B**RR*TZ 1912 Biarritz
90%
64 S**NT-J**N-D*-L*Z 1912 Saint-Jean-de-Luz
90%
33 *RC*CH*N 2013 Arcachon
88%
17 L* R*CH*LL* 1965 La Rochelle
88%
64 H*ND*** 1917 Hendaye
82%
64 *AU 1918 Pau
82%
17 *OYA* 1922 Royan
80%
33 *A*A*AU 2013 Lacanau
76%
33 L* T*ST*-D*-B*CH La Teste-de-Buch
75%
64 B*D*RT 1927 Bidart
73%
40 C*PBR*T*N 2014 Capbreton
71%
40 *A* 2013 Dax
69%
40 M*M*Z*N 1913 Mimizan
69%
64 S**NT*J**N-P**D-D*-P*RT Saint-Jean-Pied-de-Port
69%
40 S**GN*SS* 2017 Seignosse
67%
33 *O**EAU* 2018 Bordeaux
65%
33 G*J*N-M*STR*S 2017 Gujan-Mestras
65%
17 L* TR*MBL*D* 2017 La Tremblade
65%
40 S**NT-P**L-L*S-D*X 2017 Saint-Paul-lès-Dax
63%
17 S**NT-P**RR*-D'*L*R*N 2019 Saint-Pierre-d'Oléron
63%
24 S*RL*T-L*-C*N*D* 2015 Sarlat-la-Canéda
63%
17 S**NT-G**RG*S-D'*L*R*N 2017 Saint-Georges-d'Oléron
61%
17 P*RT-D*S-B*RQ**S 2017 Port-des-barques
59%
64 A***E* 1929 Anglet
57%
17 F**R*S 2014 Fouras
57%
24 *E*I*UEU* 2007 Périgueux
57%
64 *RR*GN* 2012 Urrugne
57%
17 S**NT-P*L**S-S*R-M*R 2018 Saint-Palais-sur-mer
55%
64 C*MB*-L*S-B**NS 1924 Cambo-les-Bains
53%
17 L* CH*T***-D'*L*R*N 2012 Le Château-d'Oléron
53%
33 S**L*C-S*R-M*R 1925 Soulac-sur-mer
53%
40 V***X-B**C**-L*S-B**NS 2014 Vieux-Boucau-les-Bains
53%
40 P*R*NT*S-*N-B*RN 2023 Parentis-en-Born
51%
40 S**RTS-H*SS*G*R 1930 Soorts-Hossegor
51%
64 L*R*NS 2017 Laruns
49%
17 CH*T*L**LL*N-PL*G* 2013 Châtelaillon-Plage
47%
17 L*S M*TH*S 2012 Les Mathes
47%
17 L*S P*RT*S-*N-R* 2018 Les Portes-en-Ré
47%
17 S**NT-TR*J*N-L*S-B**NS 2018 Saint-Trojan-les-Bains
47%
64 S*LL*S-D*-B**RN 1912 Salles-de-Béarn
47%
17 *RS-*N-R* 2018 Ars-en-Ré
43%
40 *I**A*O**E 2016 Biscarosse
43%
86 L* R*CH*-P*S** 1913 La Roche-Posay
43%
17 S**NT-CL*M*NT-D*S-B*L**N*S 2018 Saint-Clément-des-Baleines
43%
17 *O**E*O** 2012 Rochefort
41%
33 L*NT*N 1983 Lanton
39%
40 M*SS*NG*S 2023 Messanges
39%
33 S**NT-*M*L**N 1994 Saint-Emilion
39%
40 S**NT*J*L**N-*N-B*RN* 2021 Saint-Julien-en-Borne
39%
17 R*V*D**X-PL*G* 2012 Rivedoux-Plage
35%
40 *OU**O** 1978 Soustons
35%
33 V*ND**S-M*NT*L*V*T 2022 Vendays-Montalivet
35%
86 CH*SS*N***L-D*-P**T** 2002 Chasseneuil-du-Poitou
33%
17 L* B**S-PL*G*-*N-R* 2013 Le Bois-Plage-en-Ré
33%
33 A*E* 2017 Arès
31%
64 *UE**A*Y 2021 Guéthary
31%
17 D*L*S-D'*L*R*N 2019 Dolus-d'Oléron
29%
17 *AI**E-*A*IE-*E-*E 2018 Sainte-Marie-de-Ré
29%
17 S**J*N 2018 Saujon
27%
33 A**E**O*-*E*-*AI** 2010 Andernos-les-Bains
25%
17 L**X 2013 Loix
25%
17 *AI**-*EO**E*-*E-*I*O**E 2014 Saint-Georges-de-Didonne
25%
17 *AU*-S*R-M*R 2011 Vaux-sur-Mer
25%
33 *E*E-*A*-*E**E* 1985 Lège-Cap-Ferret
20%
17 *AI**-*A**I*-*E-*E 2018 Saint-Martin-de-Ré
18%
47 *A**E**A*OU* 2011 Casteljaloux
16%
17 *O**A* 2022 Jonzac
12%
40 **G*N**-L*S-B**NS 2019 Eugénie-les-Bains
10%
17 *A *OUA**E-*U*-*E* 2012 La Couarde-sur-mer
10%
17 *A **O**E 2018 La Flotte
10%
64 *A*A**E** 2017 Navarrenx
6%
Aucun quiz correspondant
Distribution des résultats
% des personnes avec chaque résultat
Percentile par nombre de réponses
Votre historique - résultats
Vous n’avez pas pris ce quiz